<?xml version="1.0" encoding="UTF-8"?>
<collection xmlns="http://www.loc.gov/MARC21/slim">
<record>
  <controlfield tag="001">2846</controlfield>
  <controlfield tag="005">20160701171711.0</controlfield>
  <datafield tag="037" ind1=" " ind2=" ">
    <subfield code="a">ASTROimport-1003</subfield>
  </datafield>
  <datafield tag="100" ind1=" " ind2=" ">
    <subfield code="a">Blomme, R.</subfield>
  </datafield>
  <datafield tag="260" ind1=" " ind2=" ">
    <subfield code="c">2011</subfield>
  </datafield>
  <datafield tag="245" ind1=" " ind2=" ">
    <subfield code="a">Finding Early-type Stars in the Gaia Catalogue</subfield>
  </datafield>
  <datafield tag="520" ind1=" " ind2=" ">
    <subfield code="a">The Gaia satellite will provide accurate parallaxes and photometry (330-1000 nm) for 1 billion stars down to magnitude 20. In addition, spectra (847- 874 nm) will be taken for 150 million stars down to magnitude 16. Among those targets, there will be a large sample of O and B type stars. According to the Besancon Universe model (Jordi  Carrasco [2007], ASPCS 364, 215), about 900,000 B stars should be observed. About one sixth of these stars (Briot  Robichon [2004], ESA SP-576, 561) are expected to have parallaxes with a relative precision better than 3%. This large number will enable us, for the very first time, to perform unbiased statistical analyses and high-accuracy luminosity determinations based on a homogeneous dataset. It will also allow us to study the dynamics of the open clusters in which these stars are formed. </subfield>
  </datafield>
  <datafield tag="773" ind1=" " ind2=" ">
    <subfield code="p">Stellar Clusters  Associations: A RIA Workshop on Gaia</subfield>
    <subfield code="y">2011</subfield>
    <subfield code="c">377-378</subfield>
  </datafield>
  <datafield tag="856" ind1="4" ind2="2">
    <subfield code="a">http://esoads.eso.org/abs/2011sca..conf..377B</subfield>
  </datafield>
  <datafield tag="905" ind1=" " ind2=" ">
    <subfield code="a">published in</subfield>
  </datafield>
  <datafield tag="980" ind1=" " ind2=" ">
    <subfield code="a">NONREF</subfield>
  </datafield>
</record>
</collection>